[Event "London Chess Classic: Blitz B"]
[Site "London"]
[Date "2019.12.08"]
[Round "11"]
[White "Onslow, Teddy"]
[Black "Phillips, David"]
[Result "0-1"]
[WhiteElo "1647"]
[BlackElo "1810"]
[PlyCount "94"]
[EventDate "2019.12.08"]
[EventType "swiss (blitz)"]
[EventRounds "11"]
[EventCountry "ENG"]
[SourceTitle "EXT 2021"]
[Source "ChessBase"]
[SourceDate "2020.10.23"]
[SourceVersion "1"]
[SourceVersionDate "2020.10.23"]
[SourceQuality "1"]

1. d4 Nf6 2. Bf4 d5 3. e3 e6 4. Bd3 c5 5. c3 Nc6 6. Nd2 Bd6 7. Bxd6 Qxd6 8. f4 h5 9. Ngf3 cxd4 10. cxd4 Bd7 11. Ne5 Ne7 12. Ndf3 Nf5 13. Bxf5 exf5 14. Nxd7 Qxd7 15. 0-0 0-0 16. Ne5 Qb5 17. b3 Rac8 18. Rc1 g6 19. h3 Ne4 20. Kh2 Kg7 21. Rg1 f6 22. Nd3 Rxc1 23. Nxc1 Rc8 24. Qd3 Qa5 25. a4 Rc3 26. Qb5 Qxb5 27. axb5 Rc7 28. Re1 a6 29. bxa6 bxa6 30. Kg1 Rb7 31. Kf1 Kf7 32. Ke2 Ke6 33. Kd3 Nf2+ 34. Kc2 Rc7+ 35. Kb2 Ne4 36. Nd3 Kd6 37. Rc1 Rxc1 38. Nxc1 Nd2 39. Nd3 Nf1 40. Nc5 Nxe3 41. Nxa6 Nxg2 42. b4 Nxf4 43. b5 Nxh3 44. Kb3 f4 45. Kb4 f3 46. Ka5 f2 47. b6 Kc6 0-1

[Event "London Chess Classic: Blitz B"]
[Site "London"]
[Date "2019.12.08"]
[Round "8"]
[White "Phillips, David"]
[Black "Iyengar, Ilya"]
[Result "0-1"]
[WhiteElo "1810"]
[BlackElo "1984"]
[PlyCount "55"]
[EventDate "2019.12.08"]
[EventType "swiss (blitz)"]
[EventRounds "11"]
[EventCountry "ENG"]
[SourceTitle "EXT 2021"]
[Source "ChessBase"]
[SourceDate "2020.10.23"]
[SourceVersion "1"]
[SourceVersionDate "2020.10.23"]
[SourceQuality "1"]

1. b3 Nf6 2. Bb2 g6 3. Bxf6 exf6 4. Nf3 Bg7 5. c3 0-0 6. g3 f5 7. Bg2 Qf6 8. 0-0 f4 9. d4 fxg3 10. hxg3 d5 11. Ne5 c6 12. Nd2 Bf5 13. Ndf3 Nd7 14. Qd2 Qe6 15. Nd3 h6 16. Nf4 Qe7 17. Nh4 Bg4 18. Nf3 Nf6 19. Ne5 Bf5 20. Nfd3 Ne4 21. Qc1 Rae8 22. Bf3 h5 23. Bg2 h4 24. g4 Bc8 25. f3 Ng3 26. Rf2 Kh7 27. Nf4 g5 28. Nh5 0-1

[Event "GBR-ch U16 106th"]
[Site "Torquay"]
[Date "2019.08.02"]
[Round "6"]
[White "Phillips, David"]
[Black "Patel, Devan"]
[Result "1/2-1/2"]
[WhiteElo "1822"]
[BlackElo "1659"]
[PlyCount "72"]
[EventDate "2019.07.28"]
[EventType "swiss"]
[EventRounds "7"]
[EventCountry "ENG"]
[SourceTitle "EXT 2020"]
[Source "ChessBase"]
[SourceDate "2019.10.17"]
[SourceVersion "1"]
[SourceVersionDate "2019.10.17"]
[SourceQuality "1"]

1. e4 e5 2. Nf3 Nc6 3. Bb5 a6 4. Ba4 Nf6 5. 0-0 d6 6. d3 b5 7. Bb3 Be7 8. a4 Bb7 9. axb5 axb5 10. Rxa8 Qxa8 11. Nc3 Qa6 12. Nd5 Nxd5 13. Bxd5 0-0 14. Be3 Bf6 15. Qe2 h6 16. c3 Ne7 17. Bxb7 Qxb7 18. Ra1 Ra8 19. Qd1 d5 20. exd5 Rxa1 21. Qxa1 Qxd5 22. d4 e4 23. Nd2 Bg5 24. Bxg5 hxg5 25. Qa7 Ng6 26. Qxc7 Nf4 27. Qe5 Qa8 28. Qxe4 Qa1+ 29. Qb1 Qa8 30. f3 b4 31. Kf2 Qa6 32. c4 Qh6 33. Nf1 Qe6 34. Ne3 Qh6 35. Ng4 Qe6 36. Ne3 Qh6 1/2-1/2

[Event "BCF-ch U16"]
[Site "Hull"]
[Date "2018.07.31"]
[Round "3"]
[White "Patel, Devan"]
[Black "Phillips, David"]
[Result "1/2-1/2"]
[WhiteElo "1716"]
[BlackElo "1862"]
[PlyCount "22"]
[EventDate "2018.07.29"]
[EventType "swiss"]
[EventRounds "7"]
[EventCountry "ENG"]
[SourceTitle "CBM 186 Extra"]
[Source "ChessBase"]
[SourceDate "2018.08.24"]
[SourceVersion "1"]
[SourceVersionDate "2018.08.24"]
[SourceQuality "1"]

1. d4 d5 2. Nf3 Nf6 3. c4 e6 4. Bg5 Be7 5. Nc3 h6 6. Bh4 0-0 7. e3 Nbd7 8. Rc1 dxc4 9. Bxc4 c5 10. 0-0 a6 11. dxc5 Nxc5 1/2-1/2

[Event "BCF-ch U16"]
[Site "Hull"]
[Date "2018.07.30"]
[Round "2"]
[White "Phillips, David"]
[Black "Derakhshani, Borna"]
[Result "1/2-1/2"]
[WhiteElo "1862"]
[BlackElo "2315"]
[PlyCount "108"]
[EventDate "2018.07.29"]
[EventType "swiss"]
[EventRounds "7"]
[EventCountry "ENG"]
[SourceTitle "CBM 186 Extra"]
[Source "ChessBase"]
[SourceDate "2018.08.24"]
[SourceVersion "1"]
[SourceVersionDate "2018.08.24"]
[SourceQuality "1"]

1. d4 Nf6 2. Bf4 d5 3. e3 e6 4. Nf3 Bd6 5. Bg3 c5 6. c3 Nc6 7. Nbd2 Bxg3 8. hxg3 Qd6 9. Bb5 h6 10. Qe2 0-0 11. Bxc6 bxc6 12. e4 dxe4 13. Nxe4 Nxe4 14. Qxe4 cxd4 15. Qxd4 Qxd4 16. cxd4 Rd8 17. 0-0 Ba6 18. Rfc1 Rd6 19. Rc5 Bd3 20. Rac1 Be4 21. R1c4 f6 22. Ra4 Rd7 23. Ne1 Rb8 24. f3 Bd5 25. b3 Rb5 26. Rc3 h5 27. Nd3 g5 28. Kf2 Kg7 29. Nb4 Rb6 30. Nxd5 cxd5 31. Rc8 a6 32. Ra8 Rdd6 33. Ra5 Rbc6 34. Rc5 e5 35. Ke3 exd4+ 36. Kxd4 Rxc5 37. Kxc5 Re6 38. b4 h4 39. gxh4 gxh4 40. Kxd5 Re2 41. Rxa6 Rxg2 42. Ra3 Rg3 43. Re3 h3 44. Re1 Rxf3 45. b5 Rf2 46. Rh1 h2 47. a4 Ra2 48. b6 Rxa4 49. Rxh2 Rb4 50. Kc5 Rb1 51. Kc6 Kg6 52. Rc2 f5 53. b7 f4 54. Rc5 f3 1/2-1/2

[Event "BCF-chT2 1718 (4NCL) Demotion pool"]
[Site "England"]
[Date "2018.05.07"]
[Round "11.68"]
[White "Phillips, David"]
[Black "Verma, Shlok"]
[Result "1-0"]
[WhiteElo "1817"]
[BlackElo "1617"]
[PlyCount "59"]
[EventDate "2017.11.11"]
[EventType "team-tourn"]
[EventRounds "11"]
[EventCountry "ENG"]
[SourceTitle "EXT 2020"]
[Source "ChessBase"]
[SourceDate "2019.10.17"]
[SourceVersion "1"]
[SourceVersionDate "2019.10.17"]
[SourceQuality "1"]
[WhiteTeam "Warwicks Select"]
[BlackTeam "Kings Head"]
[WhiteTeamCountry "ENG"]
[BlackTeamCountry "ENG"]

1. d4 d5 2. Bf4 Nf6 3. e3 c5 4. c3 Nc6 5. Nd2 Bf5 6. Qb3 Qd7 7. Ngf3 c4 8. Qd1 e6 9. Nh4 Bg6 10. Nxg6 hxg6 11. e4 b5 12. e5 Nh5 13. Be3 f5 14. g4 f4 15. gxh5 fxe3 16. fxe3 gxh5 17. Bg2 Be7 18. 0-0 0-0-0 19. b3 g5 20. a4 a6 21. axb5 axb5 22. bxc4 bxc4 23. Ra4 Qc7 24. Nxc4 Kd7 25. Nd2 g4 26. c4 dxc4 27. Rxc4 Rc8 28. Rxc6 Qxc6 29. Bxc6+ Rxc6 30. Qa4 1-0

[Event "BCF-chT3N 1718 (4NCL)"]
[Site "England"]
[Date "2018.03.17"]
[Round "7.36"]
[White "Phillips, David"]
[Black "Hulme, David I"]
[Result "1-0"]
[WhiteElo "1791"]
[BlackElo "1895"]
[PlyCount "75"]
[EventDate "2017.11.11"]
[EventType "team-swiss"]
[EventRounds "11"]
[EventCountry "ENG"]
[SourceTitle "EXT 2020"]
[Source "ChessBase"]
[SourceDate "2019.10.17"]
[SourceVersion "1"]
[SourceVersionDate "2019.10.17"]
[SourceQuality "1"]
[WhiteTeam "Warwicks Select II"]
[BlackTeam "Spirit of Atticus II"]
[WhiteTeamCountry "ENG"]
[BlackTeamCountry "ENG"]

1. d4 Nf6 2. Bf4 e6 3. Nf3 b6 4. e3 Bb7 5. Bd3 Be7 6. Nbd2 d6 7. Qe2 Nh5 8. Bg3 Nd7 9. c3 f5 10. 0-0-0 g6 11. Ne1 Rc8 12. f3 Ndf6 13. e4 fxe4 14. Nxe4 Nd5 15. Kb1 0-0 16. Ka1 Ndf4 17. Bxf4 Nxf4 18. Qe3 Qd7 19. Bb1 Nd5 20. Qd2 a5 21. h4 Nf4 22. g3 Nh5 23. g4 Bxe4 24. fxe4 Nf6 25. h5 Nxg4 26. hxg6 hxg6 27. Qg2 e5 28. Rg1 Rf4 29. Nd3 Rcf8 30. Nxf4 Rxf4 31. Rdf1 Rxf1 32. Qxf1 g5 33. a3 Nh6 34. Ba2+ Kh7 35. Rh1 Kg7 36. dxe5 dxe5 37. Qg2 Qg4 38. Qh2 1-0

[Event "BCF-chT2b 1718 (4NCL)"]
[Site "England"]
[Date "2017.11.11"]
[Round "1.68"]
[White "Peck, Silas"]
[Black "Phillips, David"]
[Result "1-0"]
[WhiteElo "2125"]
[BlackElo "1785"]
[PlyCount "55"]
[EventDate "2017.11.11"]
[EventType "team-tourn"]
[EventRounds "7"]
[EventCountry "ENG"]
[SourceTitle "EXT 2020"]
[Source "ChessBase"]
[SourceDate "2019.10.17"]
[SourceVersion "1"]
[SourceVersionDate "2019.10.17"]
[SourceQuality "1"]
[WhiteTeam "Anglian Avengers"]
[BlackTeam "Warwicks Select"]
[WhiteTeamCountry "ENG"]
[BlackTeamCountry "ENG"]

1. e4 Nc6 2. Nf3 d6 3. d4 Bg4 4. d5 Nb8 5. Nc3 Nf6 6. Be2 Bxf3 7. Bxf3 Nbd7 8. Bg5 g6 9. Qd2 Bg7 10. Bh6 0-0 11. Bxg7 Kxg7 12. 0-0-0 c6 13. Be2 cxd5 14. exd5 Qa5 15. g4 Rac8 16. g5 Ne8 17. h4 e5 18. h5 Nc7 19. Qe3 Rh8 20. Bg4 Rcd8 21. Bxd7 Rxd7 22. Qh3 Rdd8 23. Qf3 Rdf8 24. h6+ Kg8 25. Qf6 Ne8 26. Ne4 Qxa2 27. Qg7+ Nxg7 28. Nf6# 1-0

[Event "Coventry 4NCL op-A 16th"]
[Site "Coventry"]
[Date "2017.11.03"]
[Round "1"]
[White "Phillips, David"]
[Black "Mason, Donald"]
[Result "1/2-1/2"]
[WhiteElo "1784"]
[BlackElo "2125"]
[PlyCount "38"]
[EventDate "2017.11.03"]
[EventType "swiss"]
[EventRounds "5"]
[EventCountry "ENG"]
[SourceTitle "CBM 181 Extra"]
[Source "ChessBase"]
[SourceDate "2017.12.12"]
[SourceVersion "1"]
[SourceVersionDate "2017.12.12"]
[SourceQuality "1"]

1. d4 e6 2. Nf3 d5 3. Bf4 c5 4. e3 Nc6 5. c3 Nf6 6. Nbd2 Bd6 7. Bg3 0-0 8. Bd3 b6 9. e4 dxe4 10. Nxe4 Nxe4 11. Bxe4 Bb7 12. dxc5 Bxc5 13. Qe2 a5 14. Rd1 Qe7 15. 0-0 h6 16. Rd2 Rfd8 17. Rfd1 Rxd2 18. Rxd2 Rd8 19. h3 Rxd2 1/2-1/2

[Event "BCF-ch U14"]
[Site "Llandudno"]
[Date "2017.08.04"]
[Round "6"]
[White "Jaufarally, Nadia"]
[Black "Phillips, David"]
[Result "1/2-1/2"]
[WhiteElo "1657"]
[BlackElo "1828"]
[PlyCount "45"]
[EventDate "2017.07.30"]
[EventType "swiss"]
[EventRounds "7"]
[EventCountry "WLS"]
[SourceTitle "CBM 179 Extra"]
[Source "ChessBase"]
[SourceDate "2017.08.23"]
[SourceVersion "1"]
[SourceVersionDate "2017.08.23"]
[SourceQuality "1"]

1. d4 Nc6 2. Nf3 d6 3. Bf4 Nf6 4. e3 g6 5. c4 Bg7 6. Nc3 0-0 7. Be2 a6 8. 0-0 Qe8 9. Bg5 Bg4 10. h3 Bxf3 11. Bxf3 e5 12. Bxf6 Bxf6 13. Nd5 Qd8 14. Nxf6+ Qxf6 15. d5 Nb8 16. b4 Nd7 17. Bg4 Qe7 18. Bxd7 Qxd7 19. e4 f5 20. f3 f4 21. a4 a5 22. b5 b6 23. Kf2 1/2-1/2

[Event "BCF-chT2 1617 (4NCL) Promotion pool"]
[Site "England"]
[Date "2017.04.29"]
[Round "9.28"]
[White "Gibbs, Dominic V"]
[Black "Phillips, David"]
[Result "1-0"]
[WhiteElo "1997"]
[BlackElo "1834"]
[PlyCount "85"]
[EventDate "2016.11.19"]
[EventType "team-tourn"]
[EventRounds "11"]
[EventCountry "ENG"]
[SourceTitle "EXT 2019"]
[Source "ChessBase"]
[SourceDate "2018.10.10"]
[SourceVersion "1"]
[SourceVersionDate "2018.10.10"]
[SourceQuality "1"]
[WhiteTeam "Sussex Martlets"]
[BlackTeam "Warwicks Select"]
[WhiteTeamCountry "ENG"]
[BlackTeamCountry "ENG"]

1. e4 Nc6 2. Nf3 d6 3. d4 Bg4 4. Be3 Nf6 5. Nc3 e6 6. h3 Bxf3 7. Qxf3 Be7 8. Bc4 Nb4 9. Bb3 d5 10. a3 dxe4 11. Nxe4 Nbd5 12. Bd2 c6 13. Ng3 a5 14. 0-0 a4 15. Ba2 Qb6 16. c4 Nc7 17. Bf4 0-0-0 18. c5 Qxb2 19. Be5 Nb5 20. Ne2 Qd2 21. Rfd1 Qa5 22. Bc4 Rhf8 23. Rab1 Nc7 24. Rb2 Ncd5 25. Rdb1 Rd7 26. Qd3 Qa7 27. Rxb7 Rxb7 28. Ba6 Nd7 29. Rxb7 Nxe5 30. Rxa7+ Kd8 31. dxe5 Bxc5 32. Ra8+ Kc7 33. Rxf8 Bxf8 34. Bc4 Nb6 35. Ba2 Nd7 36. Qc3 Nb6 37. Qf3 f5 38. exf6 g6 39. Nd4 Kd6 40. Qxc6+ Ke5 41. Nf3+ Kxf6 42. Qxe6+ Kg7 43. Qf7+ 1-0

[Event "BCF-chT2 1617 (4NCL) Promotion pool"]
[Site "England"]
[Date "2017.03.05"]
[Round "8.18"]
[White "Phillips, David"]
[Black "Fowler, Hugo"]
[Result "1-0"]
[WhiteElo "1834"]
[BlackElo "1553"]
[PlyCount "103"]
[EventDate "2016.11.19"]
[EventType "team-tourn"]
[EventRounds "11"]
[EventCountry "ENG"]
[SourceTitle "EXT 2019"]
[Source "ChessBase"]
[SourceDate "2018.10.10"]
[SourceVersion "1"]
[SourceVersionDate "2018.10.10"]
[SourceQuality "1"]
[WhiteTeam "Warwicks Select"]
[BlackTeam "West is Best"]
[WhiteTeamCountry "ENG"]
[BlackTeamCountry "ENG"]

1. Nf3 Nf6 2. b3 g6 3. Bb2 Bg7 4. e3 0-0 5. Be2 c5 6. c4 Nc6 7. 0-0 d6 8. d3 a6 9. Nc3 Rb8 10. Qd2 b5 11. cxb5 axb5 12. d4 b4 13. Na4 cxd4 14. Nxd4 Bd7 15. Nxc6 Bxc6 16. Rfc1 Bxa4 17. bxa4 Ne4 18. Qc2 Bxb2 19. Qxb2 Nc3 20. Bd1 Qa5 21. Qb3 Rfc8 22. Bg4 Rc5 23. Bd1 Rbc8 24. Kf1 Nxa4 25. Rcb1 Nc3 26. Bg4 R8c7 27. Rc1 Qb5+ 28. Ke1 Na4 29. Rcb1 Nc3 30. Rc1 Qa4 31. Rxc3 Qa5 32. Rxc5 Qxc5 33. Bf3 Qe5 34. Rd1 Qc5 35. Kf1 Ra7 36. Rb1 Rc7 37. g3 Qf5 38. Kg2 Rc2 39. e4 Qc5 40. Rf1 Rc3 41. Qd5 Qb6 42. e5 Qa6 43. exd6 exd6 44. Re1 Rd3 45. Re8+ Kg7 46. Qe4 Rd2 47. Qxb4 Qxa2 48. Qc3+ Kh6 49. Qe3+ Kg7 50. g4 h6 51. Qc3+ f6 52. Re7+ 1-0

[Event "BCF-chT2b 1617 (4NCL)"]
[Site "England"]
[Date "2017.02.12"]
[Round "6.58"]
[White "Ackley, Peter JE"]
[Black "Phillips, David"]
[Result "1-0"]
[WhiteElo "1993"]
[BlackElo "1787"]
[PlyCount "95"]
[EventDate "2016.11.19"]
[EventType "team-tourn"]
[EventRounds "11"]
[EventCountry "ENG"]
[SourceTitle "EXT 2019"]
[Source "ChessBase"]
[SourceDate "2018.10.10"]
[SourceVersion "1"]
[SourceVersionDate "2018.10.10"]
[SourceQuality "1"]
[WhiteTeam "Spirit of Atticus"]
[BlackTeam "Warwicks Select"]
[WhiteTeamCountry "ENG"]
[BlackTeamCountry "ENG"]

1. g3 e5 2. Bg2 Nc6 3. c4 Nf6 4. Nc3 Bc5 5. a3 a5 6. e3 0-0 7. Nge2 Re8 8. 0-0 Ne7 9. d4 exd4 10. Nxd4 c6 11. b3 d5 12. cxd5 Nexd5 13. Nxd5 Nxd5 14. Bb2 Qg5 15. Qd3 Qh5 16. Rac1 Nf6 17. Ne2 Ng4 18. h3 Nxe3 19. Nf4 Qg5 20. h4 Qd8 21. Rxc5 Qxd3 22. Nxd3 Nxf1 23. Bxf1 Be6 24. Rg5 g6 25. Nc5 Bf5 26. Bd3 h6 27. Rxf5 gxf5 28. Nd7 Re7 29. Nf6+ Kf8 30. Bxf5 Re2 31. Bc3 Ke7 32. Ng4 h5 33. Nf6 Rd8 34. Nxh5 Rd5 35. Nf4 Rd1+ 36. Kg2 Ra2 37. Bxa5 b6 38. Bxb6 Kf6 39. Bd3 Ke5 40. a4 Rdd2 41. h5 Kd6 42. Be3 Rdb2 43. Bc4 Rc2 44. h6 Rxc4 45. h7 Rb4 46. h8Q Rxb3 47. Qf6+ Kc7 48. Qxf7+ 1-0